000 00587nam a2200205Ia 4500
003 GCL
008 140319s9999 xx 000 0 ara d
040 _aGCL /
_cGCL
082 0 4 _a398.35
_bك خ
100 1 _aمحمد عوض محمد
245 1 0 _aخرافات عن الاجناس /
_cمحمد عوض محمد
700 1 _aمحمد رياض
700 1 _aكوماس , جوان
300 _a99 ص
490 _aالالف كتاب
_v0
650 0 4 _aالحضارة
650 0 4 _aالسلالات البشرية
650 0 4 _aالجغرافيا البشرية
942 _2ddc
_cBK
999 _c42308
_d42308